Исследование количественных характеристик поглощения изотопологов диоксида серы и этилена: автореферат диссертации на соискание ученой степени кандидата физико-математических наук; спец. 01.04.05

Bibliographic Details
Main Author: Зятькова А. Г. Анастасия Георгиевна
Corporate Authors: Национальный исследовательский Томский политехнический университет Школа базовой инженерной подготовки Отделение естественных наук, Национальный исследовательский Томский политехнический университет Исследовательская школа физики высокоэнергетических процессов
Other Authors: Бехтерева Е. С. Елена Сергеевна (научный руководитель)
Summary:Заглавие с титульного экрана
Электронная версия печатной публикации
Защита сост. 26.09.2019 г.
Language:Russian
Published: Томск, 2019
Subjects:
Online Access:http://earchive.tpu.ru/handle/11683/55320
Format: Electronic Book
KOHA link:https://koha.lib.tpu.ru/cgi-bin/koha/opac-detail.pl?biblionumber=343207

MARC

LEADER 00000nlm0a2200000 4500
001 343207
005 20231102005532.0
035 |a (RuTPU)RU\TPU\book\373065 
035 |a RU\TPU\book\373062 
090 |a 343207 
100 |a 20190715d2019 k y0rusy50 ca 
101 0 |a rus 
102 |a RU 
105 |a a dm 000zy 
135 |a drgn ---uucaa 
181 0 |a i  
182 0 |a b 
200 1 |a Исследование количественных характеристик поглощения изотопологов диоксида серы и этилена  |b Электронный ресурс  |e автореферат диссертации на соискание ученой степени кандидата физико-математических наук  |e спец. 01.04.05  |f А. Г. Зятькова  |g Национальный исследовательский Томский политехнический университет ; науч. рук. Е. С. Бехтерева 
203 |a Текст  |c электронный 
210 |a Томск  |d 2019 
215 |a 1 файл (284 КБ) 
230 |a Электронные текстовые данные (1 файл : 284 КБ) 
300 |a Заглавие с титульного экрана 
300 |a Электронная версия печатной публикации 
300 |a Защита сост. 26.09.2019 г. 
606 1 |a Поглощение  |x (оптика)  |2 stltpush  |3 (RuTPU)RU\TPU\subj\71063  |9 85126 
610 1 |a электронный ресурс 
610 1 |a труды учёных ТПУ 
610 1 |a авторефераты диссертаций 
610 1 |a количественные характеристики 
610 1 |a поглощение 
610 1 |a изотопологи 
610 1 |a диоксид серы 
610 1 |a этилен 
610 1 |a Фурье-спектроскопия 
610 1 |a лазерные технологии 
610 1 |a фундаментальные свойства 
610 1 |a колебательно-вращательные спектры 
610 1 |a этилен 
610 1 |a диоксид серы 
610 1 |a компонентный состав 
610 1 |a газовые смеси 
610 1 |a математические модели 
610 1 |a дипольные моменты 
610 1 |a Maple 
610 1 |a асимметричный волчок 
675 |a 535.34(04)  |v 4 
686 |a 01.04.05  |2 oksvnk 
700 1 |a Зятькова  |b А. Г.  |c физик  |c инженер Томского политехнического университета  |f 1991-  |g Анастасия Георгиевна  |2 stltpush  |3 (RuTPU)RU\TPU\pers\37481 
702 1 |a Бехтерева  |b Е. С.  |c физик  |c профессор Томского политехнического университета, доктор физико-математических наук  |f 1974-  |g Елена Сергеевна  |2 stltpush  |3 (RuTPU)RU\TPU\pers\33044  |4 727 
712 0 2 |a Национальный исследовательский Томский политехнический университет  |b Школа базовой инженерной подготовки  |b Отделение естественных наук  |h 8032  |2 stltpush  |3 (RuTPU)RU\TPU\col\23562 
712 0 2 |a Национальный исследовательский Томский политехнический университет  |b Исследовательская школа физики высокоэнергетических процессов  |c (2017- )  |h 8118  |2 stltpush  |3 (RuTPU)RU\TPU\col\23551 
801 2 |a RU  |b 63413507  |c 20190719  |g RCR 
856 4 |u http://earchive.tpu.ru/handle/11683/55320 
942 |c CF